000 00366nam a2200133Ia 4500
008 240624s9999 xx 000 0 und d
041 _aeng
082 _a658.15 CHA
100 _aCHANDRA PRASANNA
245 _aFINANCIAL MANAGEMENT THEORY AND PRACTICE
250 _a(8th ed.)
260 _c2011
_aNew Delhi
_bTata McGraw- Hill
300 _axxx, : 1062 : p. : cm. ; 24
999 _c20567
_d20567